000
00255nam a22001217a 4500
003
SGT
082
_a
157.9
_b
I14R
100
_a
RODD, BETTY
245
_a
INTRODUCING PSYCHOPATHOLOGY
260
_a
ANGELES
_b
SAGE
_c
2014
300
_a
190
942
_2
ddc
_c
BK
999
_c
15045
_d
15045